000 00971cad a22002175a 4500
001 L140458
008 070924s2005 xxk f 000 0 eng d
035 _a(Sirsi) u140458
041 0 _aeng
050 0 4 _a346.41043 $2 18
110 2 _aUnited Kingdom
_bLand Registry
_94774
245 0 0 _aDeveloping estates
_bregistration services, supplement three: approval of draft transfers and leases
_h[electronic resource]
260 _a[S.l]
_bLand Registry
_c2010
490 _aLand Registry Practice Guide
_v41S3)
520 _aGives an overview of Land Registry's Estate Plan Approval service to those involved in the registration of developing estates (See also L140452).
650 2 4 _aLAND REGISTRATION ACT 2002
651 4 _aEngland and Wales
_y1543-
690 _aPROPERTY-COMMERCIAL PROPERTY-COMMERCIAL PROPERTY DEVELOPMENT
856 4 0 _uhttps://www.landreg.gov.uk/upload/documents/pg41s3.html
_zView this document free of charge at www.landreg.gov.uk
942 _n0
999 _c107501
_d107501